Catalog

Record Details

Catalog Search



Introducing the Old Testament /  John Drane Cover Image Book Book

Introducing the Old Testament /  John Drane

Drane, John (Author).

Record details

  • ISBN: 0-7459-1349-0
  • Physical Description: 350 s.
  • Publisher: Tring, England :  Lion Publishing ,  1987

Available copies

  • 1 of 1 copy available at Common Catalog SPOK.

Holds

  • 0 current holds with 1 total copy.
Show Only Available Copies
Location Call Number / Copy Notes Barcode Shelving Location Status Due Date
ETS Library 221.61 424470000392 Volný výběr Available -

LDR 00603nam a2 00229
00137051
003CZ-PrJAB
00520201016122458.0
008020131s1987 xxk e |||| |eng
009gb
020 . ‡a0-7459-1349-0
035 . ‡a(CONS)4304
035 . ‡aKPS148
041 . ‡aeng
08214. ‡a221.61
100 . ‡71585 ‡aDrane, John
245 . ‡aIntroducing the Old Testament /  ‡nJohn Drane
260 . ‡aTring, England :  ‡bLion Publishing ,  ‡c1987
300 . ‡a350 s.
653 . ‡aIntroducing the Old Testament
8524 . ‡bETS ‡bETS ‡cVolný výběr ‡j221.61 ‡gA ‡p424470000392
910 . ‡aABG450
999 . ‡a4304 ‡bAUTOGEN ‡c4304 ‡tbiblio
905 . ‡uadmin
901 . ‡a37051 ‡bCZ-PrJAB ‡c37051 ‡tbiblio ‡sets

Additional Resources